000 00664nam a2200229 a 4500
001 20009
003 BD-RjUL
005 20211209000517.0
008 140226s1964 enk 000 1 eng d
035 _a(BD-RjUL)20070
035 _a(OCoLC)59168278
040 _aLC
_beng
_cLC
_dBD-RjUL
041 _aeng
082 0 0 _a822.912
_218
_bRAC V-3 1964
100 1 _aRattigan, Terence.
_961512
245 1 4 _aThe collected plays of Terence Rattigan /
_cTerence Rattigan.
_nVolume Three
260 _aLondon :
_bHamish Hamilton,
_c1964.
300 _axxvii, 504 p. ;
_c20 cm.
650 0 _aEnglish drama
_961526
650 0 _aDrama
_y20th century
_961527
942 _2ddc
_cBK
999 _c20009
_d20009